000 00352nam a2200145Ia 4500
008 150201s2005 xx 000 0 und d
082 _a617.5
_bE2005C
100 _aCHUMBER,SUNIL
245 _aESSENTIALS OF SURGERY
250 _a1ST
260 _bJAYPEE MEDICAL PUBLISHER
_aDELHI
_c2005
300 _a1-1582
650 _aSURGERY
942 _2ddc
_cBK
_03
999 _c3379
_d3379